Longman Dictionary of American English Workbook (Registro nro. 2069)

Detalles MARC
000 -LEADER
fixed length control field 01129nam a22002177a 4500
003 - CONTROL NUMBER IDENTIFIER
control field OSt
005 - DATE AND TIME OF LATEST TRANSACTION
control field 20260413110523.0
008 - FIXED-LENGTH DATA ELEMENTS--GENERAL INFORMATION
fixed length control field 260413b |||||||| |||| 00| 0 eng d
020 ## - INTERNATIONAL STANDARD BOOK NUMBER
International Standard Book Number 1405808136
082 ## - DEWEY DECIMAL CLASSIFICATION NUMBER
Edition number 1405808136
Classification number 1405808136
Item number 1405808136
100 ## - MAIN ENTRY--PERSONAL NAME
Personal name Longman/Pearson
245 ## - TITLE STATEMENT
Title Longman Dictionary of American English Workbook
250 ## - EDITION STATEMENT
Edition statement 3rd Edition
260 ## - PUBLICATION, DISTRIBUTION, ETC.
Place of publication, distribution, etc. Harlow, Reino Unido
Name of publisher, distributor, etc. Pearson Education Limited
Date of publication, distribution, etc. 2005
300 ## - PHYSICAL DESCRIPTION
Extent 72 pág
Other physical details A4
Dimensions 27,6 x 21 cm
490 ## - SERIES STATEMENT
Materials specified Tapa blanda paperback
520 ## - SUMMARY, ETC.
Summary, etc. El primer libro, On Screen B1+, es un recurso integral de la editorial Express Publishing diseñado para estudiantes de nivel intermedio alto. Su estructura combina en un solo volumen de unas 192 páginas el cuaderno de ejercicios (Workbook) y una sección profunda de gramática (Grammar Book). Está fabricado en tapa blanda con papel especial para escribir, facilitando el trabajo diario en el aula o de forma autónoma.<br/>
650 ## - SUBJECT ADDED ENTRY--TOPICAL TERM
Topical term or geographic name entry element Uso de guías alfabéticas.
Form subdivision Comprensión de símbolos fonéticos.
General subdivision Práctica de sinónimos y antónimos
700 ## - ADDED ENTRY--PERSONAL NAME
Personal name Longman/Pearson
942 ## - ADDED ENTRY ELEMENTS (KOHA)
Source of classification or shelving scheme Dewey Decimal Classification
Koha item type Acceso Libre
Suppress in OPAC No
Existencias
Withdrawn status Lost status Source of classification or shelving scheme Damaged status Not for loan Collection Home library Current library Shelving location Date acquired Source of acquisition Coded location qualifier Inventory number Total checkouts Full call number Barcode Date last seen Copy number Price effective from Koha item type
    Dewey Decimal Classification     Estantería F Fila 2 Biblioteca Stanford Biblioteca Stanford Biblioteca Abierta 13.04.2026 IDIOMAS 0493 0493   INGLES IDIOMA0493 13.04.2026 1 13.04.2026 Acceso Libre
Bienvenido a nuestra Biblioteca